000 00508nam a2200193Ia 4500
005 20250326140532.0
008 250326s9999 xx 000 0 und d
020 _a0-07-134795-X
037 _aTextbook
040 _aFMSL
_beng
_cFMSL
041 _aeng
_2eng
084 _aX:512 P0
_qFMSL
100 _aKnapp D E
_9742513
245 0 _aBrand mindset
_cKnapp D E
260 _aNew York
_bNew York, McGraw Hill
_c2000
300 _a277p
942 _cTB
_hX:512 P0
999 _c1286209
_d1286209